Double Letter States Quiz Stats

 Plays Quiz Updated Mar 27, 2018

Score 0/9 Timer 02:00
0 Plays Today
State % Correct
Mississippi
94.6%
Tennessee
82%
Hawaii
75%
Illinois
73.6%
Massachusetts
73.2%
Missouri
72.6%
Minnesota
69.3%
Connecticut
68.4%
Pennsylvania
67.7%

You're not logged in!

Compare scores with friends on all Sporcle quizzes.
OR
Log In

Sporcle TV

Today on Sporcle TV


Watch our educational content, quiz creation guides, and fun videos on Sporcle TV.

Show Comments

Extras

Top Quizzes Today


Score Distribution

Your Account Isn't Verified!

In order to create a playlist on Sporcle, you need to verify the email address you used during registration. Go to your Sporcle Settings to finish the process.

Report this User

Report this user for behavior that violates our Community Guidelines.

Details: